00441 2200157 4500001002100000005001500021035002000036245007400056260003600130300001200166008004100178020001800219082001100237084001700248100001800265INLIS00000000000022420230322045249 a0010-03230002241 aPENCEGAHAN DAN PENANGGULANGAN PENYALAHGUNAAN NARKOBA BERBASIS SEKOLAH aJakarta :bBalai pustaka,c2016 a120 hlm230322 0  a979-690-325-3 a362.29 a362.29 SAT p0 aSatya joewana Online Public Access Catalog - Perpusnas RI

Kesalahan (#32)

Terjadi kesalahan internal server.

The above error occurred while the Web server was processing your request.

Please contact us if you think this is a server error. Thank you.